Statistics for Détente

Click here to take the quiz!

General Stats

  • This quiz has been taken 23 times
  • The average score is 10 of 17

Answer Stats

HintAnswer% Correct
Country that the US and USSR were growing concerned aboutChina
95%
War that the US hoped to end by improving relationsVietnam War
95%
New US President who had ambitions on improving relationsRichard Nixon
84%
1962 Crisis that was the origin of the Détente periodCuban Missile Crisis
79%
% of GDP the US was spending on defence13
74%
% of GDP the USSR was spending on defence30
74%
Country the USSR invaded in 1979Afghanistan
74%
US President elected in 1981 that had an aggressive stance towards the USSRRonald Reagan
63%
Treaty that helped significantly reduce tensions in 1972SALT
63%
What the above called the USSREvil empire
58%
African country where the USSR supported Marxist rebels during a Civil WarAngola
53%
What significant treaty limited the spread of nuclear weaponsNuclear Non-Proliferation Treaty
47%
Relations between US and China were nicknamed ____-____ diplomacyPing-Pong
47%
New West German chancellor who called for less tensionWilly Brandt
42%
1973 war in the Middle East that damaged trust between superpowersYom Kippur War
42%
What issue did Jimmy Carter tie to trade deals with the USSR?Human Rights
26%
Cost of the above for the US$170 billion
16%

Score Distribution

Percentile by Number Answered

Percent of People with Each Score

Your Score History

You have not taken this quiz